| 000 | 01290cam a2200337 i 4500 | ||
|---|---|---|---|
| 001 | 13811497 | ||
| 003 | EG-ScBUE | ||
| 005 | 20240416102918.0 | ||
| 008 | 041210s2005 enka f bd f001 0 eng d | ||
| 020 | _a0192803778 | ||
| 020 | _a9780192803771 | ||
| 040 |
_aDLC _beng _erda _cDLC _dDLC _dEG-ScBUE |
||
| 043 | _ae-sp--- | ||
| 082 | 0 | 4 |
_222 _a946.081 _bGRA |
| 100 | 1 |
_aGraham, Helen, _eauthor. |
|
| 245 | 1 | 4 |
_aThe Spanish Civil War : _ba very short introduction / _cHelen Graham. |
| 264 | 1 |
_aOxford ; _aNew York : _bOxford University Press, _c2005. |
|
| 300 |
_a175 pages : _billustrations ; _c18 cm. |
||
| 336 |
_2rdacontent _atext _btxt |
||
| 337 |
_aunmediated _2rdamedia _bn |
||
| 338 |
_avolume _bnc _2rdacarrier |
||
| 490 | 0 |
_aVery short introductions ; _v123 |
|
| 500 | _aIncludes glossary. | ||
| 504 | _aIncludes bibliographical references and index. | ||
| 505 | 0 | _aThe origins of Spain's Civil War -- Rebellion, revolution, and repression -- Mobilize and survive : the republic at war -- The making of rebel Spain -- The republic besieged -- Victory and defeat : the wars after the war -- The uses of history. | |
| 650 | _2BUEsh | ||
| 651 | 7 |
_aSpain _xHistory _yCivil War, 1936-1939. _2BUEsh |
|
| 653 |
_bHHUUPPSS _cApril2017 |
||
| 655 | _vReading book | ||
| 942 |
_2ddc _cBB |
||
| 999 |
_c24725 _d24697 |
||